1817 1071 1736 1572 1754 1314 1072 1849 1994 1915 1601 1406 1892 1868 1652 1611 1996 1411 1215 1995 1797 1236 1584 1421 1940 1659 1803 1902 1464 1385 1672 1584 1679 1397 1978 1864 1700 1644 1185 1863 1400 1664 1586 1897 1334 1166 1277 1672 1745 1851 1461 1497 1814 1445 1204 1123 1829 1807 1353 1465 1984 1694 1382 1217 1435 1850 1782 1056 1487 1595 1809 1295 1506 1052 1805 1547 1149 1049 1606 1659 1334 1937 1856 1712 1494 1034 1024 1941 1431 1389 1510 1024 1177 1191 1341 1825 1359 1791 1755 BCNSPRNW ULIB Ver.6.0+V

เปลี่ยนเป็นภาษาไทย

Change to English
 แสดงรายละเอียดบรรณานุกรม
  กลับหน้าหลัก

Brief Record : Get Marc (ISO 2709) : E-mail record : QR code < ปิดหน้าต่าง
LEADER : 00000nam 2200000uu 4500
001    13399113832
003     ULIB
008    120110s2550||||th 000 0 tha d
020    ^a9746148443(ล.2)
060  4 ^aWA288^bม246ก ล.2 2550
110 1  ^aมหาวิทยาลัยสุโขทัยธรรมาธิราช^bสาขาวิชาวิทยาศาสตร์สุขภาพ
245 00 ^aเอกสารการสอนชุดวิชา การบริหารงานคุ้มครองผู้บริโภคทางสาธารณสุข หน่วยที่8-15=^bManagement in health consumer protection/^cมหาวิทยาลัยสุโขทัยธรรมาธิราช
246 0  ^aManagement in health consumer protection
250    ^aพิมพ์ครั้งที่ 6
260    ^aนนทบุรี:^bศูนย์หนังสือมหาวิทยาลัยสุโขทัยธรรมาธิราช,^c2550
300    ^a384 หน้า
650  7 ^aการคุ้มครองผู้บริโภค^xการจัดการ
650  7 ^aผู้บริโภค^xแง่อนามัย
945    ^p0^l0^i14745
995    ^aกัณชพร
999    ^aใช้งานได้ทุกระบบ
รายการนี้ยังไม่มีแท็ก
คุณยังไม่ได้ล็อกอิน คุณสามารถมีกิจกรรมร่วมกับเว็บไซต์ได้ แต่ต้องล็อกอินก่อน ::
  ล็อกอิน

รายการสื่อสารสนเทศ

ลำดับที่ ประเภท เลขเรียก/บาร์โค้ด สถานที่ สถานะ
- ไม่พบข้อมูล -

BibComment


ยังไม่เคยถูกคอมเมนท์

คอมเมนท์ทรัพยากรรายการนี้
  คอมเมนท์: เอกสารการสอนชุดว..


 Copyright 2026. Bcnsprnw @Library